top 25 football goalscorers of all time - Statistics

General Stats
  • This quiz has been taken 200 times
  • The average score is 9 of 25
Answer Stats
Hint Answer % Correct
1 2002-present 885 goals Cristiano Ronaldo
100%
2 2004-present 830 goals Lionel Messi
99%
4 1957-1977 762 goals Pele
94%
11 2008-present 623 goals Robert Lewandowski
76%
13 2005-present 565 goals Luis Suarez
72%
6 1943-1966 724 goals Ferenc Puskas
71%
15 1999-2023 561 goals Zlatan Ibrahimovic
67%
19 1945-1966 530 goals Alfredo Di Stefano
56%
8 1964-1981 634 goals Gerd Muller
51%
5 1985-2007 755 goals Romario
41%
12 1957-1978 619 goals Eusebio
36%
3 1931-1955 805 goals Josef Bican
31%
25 1964-1984 493 goals Johan Cruyff
30%
22 1976-1997 507 goals Hugo Sanchez
13%
17 1954-1972 552 goals Uwe Seeler
8%
7 1947-1964 648 goals Jimmy Jones
6%
21 1971-1992 511 goals Roberto Dinamite
4%
10 1937-1960 624 goals Abe Lenstra
3%
23 1905-1928 504 goals Imre Schlosser
3%
9 1926-1943 629 goals Joe Bambrick
3%
16 1937-1949 553 goals Fernando Peyroteo
2%
18 1922-1937 552 goals Jimmy McGrory
2%
14 1987-2011 563 goals Glenn Ferguson
1%
20 1930-1948 517 goals Gyorgy Sarosi
1%
24 1930-1949 503 goals Franz Binder
0%
No matching quizzes found
Score Distribution
Percent of People with Each Score
Percentile by Number Answered
Your Score History
You have not taken this quiz